| 000 | 01247nam a22003617a 4500 | ||
|---|---|---|---|
| 003 | CHAP | ||
| 005 | 20220329141121.0 | ||
| 008 | 971010s1982 r 00010 d | ||
| 010 | _a62862 | ||
| 011 | _a63834 | ||
| 035 | _a68355 | ||
| 040 | _cCHAP | ||
| 082 |
_a636.085 _bM5 |
||
| 100 | 0 | 0 |
_aMiller, E. L. _975754 |
| 245 |
_aProtein contribution of feed-stuffs for ruminants _b: application to feed formulation |
||
| 260 |
_aLondon : _bButterworths, _c1982 |
||
| 300 | _a160 p. | ||
| 490 | _aStudies in the agricultural and food science | ||
| 590 |
_aBATCH-UPD _b10 _c20130110 _lUCH01 _h0407 |
||
| 590 |
_aBATCH-UPD _b10 _c20130110 _lUCH01 _h2019 |
||
| 590 |
_aBATCH-UPD _b10 _c20130410 _lUCH01 _h0041 |
||
| 590 |
_aBATCH-UPD _b10 _c20130914 _lUCH01 _h1819 |
||
| 590 |
_aCONVERSION _b10 _c20130109 _lUCH01 _h1334 |
||
| 650 | 1 | 4 |
_aAlimentos y alimentacion del ganado. _94326 |
| 650 | 1 | 4 |
_aProteĆnas en nutrición animal. _992454 |
| 700 | 0 |
_aPike, J. H. _988064 |
|
| 790 | _aFeedstuffs for ruminants | ||
| 830 | 0 |
_aStudies in the agricultural and food science _9110083 |
|
| 901 | _aBK | ||
| 942 | _cLIBRO | ||
| 949 |
_a636.085 M5 _bBC _cLIBRO _d33724000267845 _eLIBRO _h58433 _i68355 _si |
||
| 949 |
_a636.085 M5 _bZ _cLIBRO _d-469 _eLIBRO _h702 _i68355 _si |
||
| 999 |
_c62862 _d62862 |
||